Kaplan SAT Subject Test Chemistry 2015-2016 / (Record no. 592987)

000 -LEADER
fixed length control field 00528nam a22001577a 4500
003 - CONTROL NUMBER IDENTIFIER
control field NUST
005 - DATE AND TIME OF LATEST TRANSACTION
control field 20230125100222.0
008 - FIXED-LENGTH DATA ELEMENTS--GENERAL INFORMATION
fixed length control field 230125b ||||| |||| 00| 0 eng d
082 ## - DEWEY DECIMAL CLASSIFICATION NUMBER
Classification number 378.1664,SAT
245 ## - TITLE STATEMENT
Title Kaplan SAT Subject Test Chemistry 2015-2016 /
250 ## - EDITION STATEMENT
Edition statement 2nd ed
260 ## - PUBLICATION, DISTRIBUTION, ETC.
Place of publication, distribution, etc. New York
Name of publisher, distributor, etc. Kaplan
Date of publication, distribution, etc. 2015
300 ## - PHYSICAL DESCRIPTION
Extent xi, 374p.
505 ## - FORMATTED CONTENTS NOTE
Formatted contents note Part I: The Basic (Page-3), Part II: Diagnostic Test (Page-22), Part III: Chemistry Review (Page-51), Part IV: Practice Tests (Page-280).
942 ## - ADDED ENTRY ELEMENTS (KOHA)
Source of classification or shelving scheme
Koha item type Book
Call number prefix 378.1664,SAT
Holdings
Withdrawn status Lost status Source of classification or shelving scheme Damaged status Not for loan Permanent Location Current Location Shelving location Date acquired Total Checkouts Full call number Barcode Date last seen Price effective from Koha item type Public note
          Military College of Signals (MCS) Military College of Signals (MCS) General Stacks 01/25/2023   378.1664,SAT MCS37726 01/25/2023 01/25/2023 Book Almirah No. 54, Shelf No. 4
© 2023 Central Library, National University of Sciences and Technology. All Rights Reserved.